000 00189 a2200097 4500
020 _a9789681654597
041 _aspa
100 _aHasler, Eveline
245 _aLa escuela vuela
942 _cBK
999 _c28577
_d28577